000 00305nam a2200121Ia 4500
005 20251222175921.0
008 251222s9999||||xx |||||||||||||| ||spa||
020 _a8448139186
082 _a658.3/S26
100 _aSastre Castillo, Miguel Ángel
245 0 _aDirección de Recursos Humanos:
942 _cLIB
999 _c40684
_d40684